| 000 | 01848nam a2200493 i 4500 | ||
|---|---|---|---|
| 001 | 97034 | ||
| 003 | FlNmELB | ||
| 005 | 20241217172635.0 | ||
| 006 | m o d | | ||
| 007 | cr cnu|||||||| | ||
| 008 | 150902s2014 sp ob 001 0 spa d | ||
| 020 | _z9788490645307 | ||
| 020 | _a9788490645314 (e-book) | ||
| 035 | _a(MiAaPQ)EBC3430439 | ||
| 035 | _a(Au-PeEL)EBL3430439 | ||
| 035 | _a(CaPaEBR)ebr11087706 | ||
| 035 | _a(OCoLC)949145779 | ||
| 040 |
_aFINmELB _bspa _erda _cFINmELB |
||
| 050 | 4 |
_aQ180.S7 _bC114 2014 |
|
| 080 | _a378.012 | ||
| 080 | _a001.891 | ||
| 082 | 0 |
_a338.94606 _223 |
|
| 100 | 1 | _aCabezas-Clavijo, Álvaro. | |
| 245 | 1 | 4 |
_aLos sexenios de investigación / _cÁlvaro Cabezas-Clavijo, Daniel Torres-Salinas. |
| 264 | 1 |
_aBarcelona : _bEditorial UOC, _c[2014] |
|
| 300 | _a1 recurso en línea (117 páginas) | ||
| 336 |
_atexto _btxt _2rdacontent/spa |
||
| 337 |
_acomputadora _bc _2rdamedia/spa |
||
| 338 |
_arecurso en línea _bcr _2rdacarrier/spa |
||
| 490 | 1 | _aColección El profesional de la información | |
| 500 | _aContiene índice. | ||
| 504 | _aContiene bibliografía. | ||
| 588 | _aDescripción basada en recurso en línea; Título de la página del título en PDF (e-libro, visto September 02, 2015). | ||
| 590 | _aRecurso electrónico. Santa Fe, Arg.: e-libro, 2015. Disponible vía World Wide Web. El acceso puede estar limitado para las bibliotecas afiliadas a e-libro. | ||
| 650 | 0 |
_aResearch _zSpain. |
|
| 650 | 4 |
_aInvestigación científica _zEspaña. |
|
| 650 | 0 |
_aEducation, Higher _zSpain. |
|
| 650 | 4 |
_aEnseñanza superior _zEspaña. |
|
| 655 | 4 | _aLibros electrónicos. | |
| 700 | 1 | _aTorres-Salinas, Daniel. | |
| 797 | 2 | _ae-libro, Corp. | |
| 830 | 0 | _aColección El profesional de la información. | |
| 856 | 4 | 0 | _uhttps://elibro.net/ereader/politecnicointernacional/57774 |
| 999 |
_c97034 _d97034 |
||